A history of economic doctrines from the time of the physiocrats to the present day / (Record no. 19907)
[ view plain ]
| 000 -LEADER | |
|---|---|
| fixed length control field | 01124nam a22002891a 4500 |
| 001 - CONTROL NUMBER | |
| control field | 19907 |
| 003 - CONTROL NUMBER IDENTIFIER | |
| rucl marc code | BD-RjUL |
| 005 - DATE AND TIME OF LATEST TRANSACTION | |
| control field | 20211209000508.0 |
| 008 - FIXED-LENGTH DATA ELEMENTS--GENERAL INFORMATION | |
| fixed length control field | 1402.2r19531948enk b 001 0 eng d |
| 035 ## - SYSTEM CONTROL NUMBER | |
| System control number | (BD-RjUL)19968 |
| 040 ## - CATALOGING SOURCE | |
| Original cataloging agency | NZOC |
| Language of cataloging | eng |
| Transcribing agency | NZOC |
| Modifying agency | NZOC |
| -- | BD-RjUL |
| 041 1# - LANGUAGE CODE | |
| Language code of text/sound track or separate title | eng |
| Language code of original | fre |
| 082 04 - DEWEY DECIMAL CLASSIFICATION NUMBER | |
| Classification number | 330.1 |
| Edition number | 20 |
| Author mark and year | GIH 1953 |
| 100 1# - MAIN ENTRY--PERSONAL NAME | |
| Personal name | Gide, Charles. |
| Dates associated with a name | 1847-1932. |
| 9 (RLIN) | 7758 |
| 245 12 - TITLE STATEMENT | |
| Title | A history of economic doctrines from the time of the physiocrats to the present day / |
| Statement of responsibility, etc. | by Charles Gide and Charles Rist ; authorized translation by R. Richards. |
| 250 ## - EDITION STATEMENT | |
| Edition statement | 2nd English ed., with additional matter from the latest French editions translated / by Ernest F. Row |
| 260 ## - PUBLICATION, DISTRIBUTION, ETC. (IMPRINT) | |
| Place of publication, distribution, etc. | London : |
| Name of publisher, distributor, etc. | G. Harrap, |
| Date of publication, distribution, etc. | 1948 [Reprinted 1953] |
| 300 ## - PHYSICAL DESCRIPTION | |
| Pagination | 800p. ; |
| Size | 23 cm. |
| 504 ## - BIBLIOGRAPHY, ETC. NOTE | |
| Bibliography, etc | Includes bibliographical references and index. |
| 650 #0 - SUBJECT ADDED ENTRY--TOPICAL TERM | |
| Topical term or geographic name as entry element | Economic history. |
| 9 (RLIN) | 5844 |
| Topical term or geographic name as entry element | Economics |
| 9 (RLIN) | 220900 |
| 700 1# - ADDED ENTRY--PERSONAL NAME | |
| Personal name | Rist, Charles, |
| Dates associated with a name | 1874- , jt. auth. |
| Personal name | Richards, Robert, |
| Dates associated with a name | 1884- , tr. |
| Personal name | Roe, Ernest F. , jt. tr. |
| 942 ## - ADDED ENTRY ELEMENTS (KOHA) | |
| Source of classification or shelving scheme | Dewey Decimal Classification |
| Koha item type | Books |
| Lost status | Source of classification or shelving scheme | Damaged status | Not for loan | Collection code | Permanent Location | Current Location | Shelving location | Date acquired | Source of acquisition | Cost, normal purchase price | Total Checkouts | Full call number | Date last seen | Copy number | Koha item type |
|---|---|---|---|---|---|---|---|---|---|---|---|---|---|---|---|
| Dewey Decimal Classification | Not For Loan | Non-fiction | Central Library, University of Rajshahi | Central Library, University of Rajshahi | Reading Room | 25/03/1955 | O.U.P | 23.10 | 330.1 GIH 1953 | 26/02/2014 | C-1 | Books | |||
| Dewey Decimal Classification | Non-fiction | Central Library, University of Rajshahi | Central Library, University of Rajshahi | 31/01/1955 | N/A | 0.00 | 330.1 GIH 1953 | 30/07/2016 | C-2 | Books |